| 000 -CABECERA |
| fixed length control field |
00856nam a22002057a 4500 |
| 003 - IDENTIFICADOR DEL NÚMERO DE CONTROL |
| control field |
AR-CdUCM |
| 008 - DATOS DE LONGITUD FIJA--INFORMACIÓN GENERAL |
| fixed length control field |
190320b ||||| |||| 00| 0 spa d |
| 040 ## - FUENTE DE LA CATALOGACIÓN |
| Agencia/entidad que catalogó originalmente la obra |
MUNICIPALIDAD PROVINCIAL DEL CUSCO |
| Entidad que transcribió la catalogación |
BIBLIOTECA MUNICIPAL DEL CUSCO |
| 082 ## - NÚMERO DE LA CLASIFICACIÓN DECIMAL DEWEY |
| No. de Clasificación |
634.9 / |
| Notacion interna |
AL44 |
| 100 ## - ENTRADA PRINCIPAL--NOMBRE DE PERSONA |
| Nombre Personal |
Alvaréz Requejo Sergio |
| 245 ## - MENCIÓN DE TÍTULO |
| Título |
Multiplicación de arboles frutales : |
| Resto del título |
explotación de viveros / |
| 260 ## - PUBLICACIÓN, DISTRIBUCIÓN, ETC. |
| Lugar de publicación, distribución, etc. |
Barcelons : |
| Nombre de la editorial, distribuidor, etc. |
AEDOS, |
| Fecha de publicación, distribución, etc. |
1964. |
| 300 ## - DESCRIPCIÓN FÍSICA |
| Nº de Páginas Extensión |
224 PAGINAS ; |
| Otros detalles físicos |
Ilustraciones, |
| Dimensiones |
20 cm. |
| 505 ## - NOTA DE CONTENIDO CON FORMATO |
| Nota de contenido formateada |
Planificación del vivero -- Característica del suelo y del clima sistema de cultivo -- Multiplicación de los arboles frutales por medio de semillas -- multiplicación delos arboles frutales por métodos vegetativos... |
| 650 ## - PUNTO DE ACCESO ADICIONAL DE MATERIA--TÉRMINO DE MATERIA |
| Descriptor |
Arboles frutales |
| 9 (RLIN) |
21091 |
| 650 ## - PUNTO DE ACCESO ADICIONAL DE MATERIA--TÉRMINO DE MATERIA |
| Descriptor |
Viveros |
| 9 (RLIN) |
21092 |
| 650 ## - PUNTO DE ACCESO ADICIONAL DE MATERIA--TÉRMINO DE MATERIA |
| Descriptor |
Agricultura |
| 9 (RLIN) |
320 |
| 942 ## - ELEMENTOS DE PUNTO DE ACCESO ADICIONAL (KOHA) |
| Fuente de clasificación |
|
| Tipo de item |
Libros-BMC |
| 945 ## - PROCESAMIENTO DE INFORMACIÓN LOCAL (OCLC) |
| Catalogador |
wnts |